=LDR 00000nam 2200000 4500 =001 INLIS000000000017337 =005 20221028022143 =035 ##$$a 0010-061300000017337 =008 221028################g##########0#ind## =041 ##$$a Ind =082 ##$$a R.611 =090 ##$$a 611, Spa a =100 ##$$a Spalteholz =245 1#$$a Atlas anatomi manusia bagian I /$c Spalteholz - Spanner ; penerjemah, Adji Dharma =260 ##$$a Jakarta :$b EGC,$c 1994 =300 ##$$a xiv, 417 hlm. : $b ilus. ; $c 28 x 20 cm. =650 #4$$a Anatomi Manusia =850 ##$$a NBPNMAT =020 ##$$a 979-492-052-5 =084 ##$$a R.611 SPA a I =250 ##$$a edisi 16 =500 ##$$a Judul asli : Handatlas der anatomie des menschen =700 #$$a Spanner =990 ##$$a 00085993 =990 ##$$a 20601762 =990 ##$$a 20601763 =990 ##$$a 20601764 =990 ##$$a 20601765 =990 ##$$a 20601766 =990 ##$$a 20601767 =990 ##$$a 20601762 =990 ##$$a 00085993 =990 ##$$a 20601763 =990 ##$$a 20601764 =990 ##$$a 20601765 =990 ##$$a 20601766 =990 ##$$a 20601767 =990 ##$$a 26022602 =990 ##$$a 26022602 =990 ##$$a 26022602 =990 ##$$a 26022602 =990 ##$$a 26022602 =990 ##$$a 26022602 =990 ##$$a 20600339 =990 ##$$a 00085993 =990 ##$$a 20601762 =990 ##$$a 20601763 =990 ##$$a 20601764 =990 ##$$a 20601765 =990 ##$$a 20601766 =990 ##$$a 20601767 =990 ##$$a 1200603191 =990 ##$$a 1200603192 =990 ##$$a 1200603193 =990 ##$$a 1200603194 =990 ##$$a 1200603195 =990 ##$$a 20606089 =990 ##$$a 00085993 =990 ##$$a 20601762 =990 ##$$a 20601763 =990 ##$$a 20601764 =990 ##$$a 20601765 =990 ##$$a 20601766 =990 ##$$a 20601767 =990 ##$$a 20600339 =990 ##$$a 1200603192 =990 ##$$a 1200603193 =990 ##$$a 1200603194 =990 ##$$a 1200603195 =990 ##$$a 20600341 =990 ##$$a 00085993 =990 ##$$a 20601762 =990 ##$$a 20601763 =990 ##$$a 20601764 =990 ##$$a 20601765 =990 ##$$a 20601766 =990 ##$$a 20601767 =990 ##$$a 20600339 =990 ##$$a 20606089 =990 ##$$a 1200603193 =990 ##$$a 1200603194 =990 ##$$a 1200603195 =990 ##$$a 20600338 =990 ##$$a 00085993 =990 ##$$a 20601762 =990 ##$$a 20601763 =990 ##$$a 20601764 =990 ##$$a 20601765 =990 ##$$a 20601766 =990 ##$$a 20601767 =990 ##$$a 20600339 =990 ##$$a 20606089 =990 ##$$a 20600341 =990 ##$$a 1200603194 =990 ##$$a 1200603195 =990 ##$$a 20600340 =990 ##$$a 00085993 =990 ##$$a 20601762 =990 ##$$a 20601763 =990 ##$$a 20601764 =990 ##$$a 20601765 =990 ##$$a 20601766 =990 ##$$a 20601767 =990 ##$$a 20600339 =990 ##$$a 20606089 =990 ##$$a 20600341 =990 ##$$a 20600338 =990 ##$$a 1200603195 =990 ##$$a 20606090 =990 ##$$a 00085993 =990 ##$$a 20601762 =990 ##$$a 20601763 =990 ##$$a 20601764 =990 ##$$a 20601765 =990 ##$$a 20601766 =990 ##$$a 20601767 =990 ##$$a 20600339 =990 ##$$a 20606089 =990 ##$$a 20600341 =990 ##$$a 20600338 =990 ##$$a 20600340